000
00278nam a2200121Ia 4500
003
OSt
005
20230706071919.0
008
170524s9999 xx 000 0 und d
040
_c
IIMT UNIVERSITY
100
_a
BHATT- P.C.
245
0
_a
FUNDAMENTALS OF ALGORITHMS
942
_2
ddc
_c
02
999
_c
3420
_d
3420